000 00700nam a2200289Ia 4500
005 20260324150513.0
008 008 260324s9999 xx 000 0 eng d
020 _a9781315009667
037 _aEBOOK
040 _aCRL
040 _beng
040 _cCRL
041 _2eng
041 _aeng
084 _qCRL
100 _aBarbel Inhelder; Jean Piaget
_91226648
245 4 _aThe Early Growth of Logic in the Child
245 0 _bClassification and Seriation
260 _bTaylor and Francis
260 _c1964
365 _a
365 _b510
856 _uhttp://www.taylorfrancis.com/books/9781315009667
942 _cEBOOK
999 _c1836198
_d1836198